Statistics for 45 Second Colored Words Test

Click here to take the quiz!

General Stats

  • This quiz has been taken 135 times
  • The average score is 15 of 20

Answer Stats

HintAnswer% Correct
RedBlue
100%
BrownGreen
97%
OrangeBlack
93%
BlueOrange
93%
PurpleBrown
91%
PinkBlue
90%
GreyGreen
87%
BlackPurple
87%
BrownPink
84%
BlueBrown
83%
GreenGrey
74%
OrangeRed
72%
YellowBlue
70%
RedPurple
66%
PurpleRed
63%
YellowOrange
54%
PinkBrown
53%
OrangeBlack
50%
BlackGreen
40%
GreenPink
30%

Score Distribution

Percentile by Number Answered

Percent of People with Each Score

Your Score History

You have not taken this quiz